CHIAMO IO CHIAMI TU - Gaia (testo) - Statistics

Statistiche generali
  • Questo quiz è stato fatto 101 volte
  • Il punteggio medio è 297 su 456
Statistiche sulle risposte
Risposta % Corretto
a
99%
A
99%
Chi
99%
I
99%
i
99%
Chiamo
96%
io,
96%
tu
96%
chiami
93%
e
89%
E
89%
è
89%
se
86%
la
85%
che
80%
Che
80%
di
80%
Di
80%
non
80%
Non
80%
mi
77%
il
76%
me
76%
Per
76%
per
76%
Ti
72%
ti
72%
sei
70%
ne
69%
le
68%
Lo
68%
stasera
68%
va
66%
dove
63%
Dove,
63%
dove,
63%
più
63%
musica
62%
piace
62%
Un
62%
un
62%
fa
61%
Dimmi
59%
mai
59%
Mai
59%
po'
59%
primo
58%
una
58%
Ci
56%
con
56%
Chiama
55%
esempio
55%
sempre
55%
Stare
55%
stare
55%
Tanto
55%
tanto
55%
cede
54%
pena
54%
Amo
52%
giudica
52%
lunedì
52%
solo
52%
Solo
52%
nessuno
51%
nuda
51%
vale
51%
così
49%
quando
48%
si
48%
stesso
48%
uno
46%
del
45%
film
45%
Niente
45%
niente
45%
niente,
45%
Tra
45%
aspettare
44%
in
44%
In
44%
serve
44%
te
42%
volta
42%
ogni
41%
Ogni
41%
scordare
41%
Come
39%
come
39%
mare
39%
male,
37%
stiamo
37%
Stiamo
37%
stupida
37%
bugia
35%
contrabbando
35%
dei
35%
Era
35%
soltanto
35%
due
34%
ricordi
34%
sotto
34%
gioco
32%
labbra
32%
prende
32%
quante
32%
Anche
31%
capelli
31%
Chissà
31%
Poesia
31%
poi
31%
l'iPhone
30%
onde
30%
parole
30%
strada
30%
alte
28%
farmi
28%
Menomale
28%
Rio
28%
credere
27%
cui
27%
cibo
25%
Nascosta
25%
cosa
24%
Cosa
24%
qualcosa
24%
shot
24%
ad
23%
ancora
23%
brucia
23%
Lasciano
23%
lasciano
23%
vuoto
21%
serio
20%
silenzio
20%
qui
18%
spezza
15%
L'amore
14%
rami
14%
cuore
13%
infernale
13%
l'idea
13%
limbo
13%
piccola
13%
scusa
13%
fosse
11%
pensare
11%
pensavo
11%
dell'edera
10%
fragile
10%
ridicola
10%
rimane
10%
aggrappiamo
8%
contorti
7%
stringerti
7%
Troppe
7%
voce
7%
Volevo
7%
persone
4%
fottono
3%
Nessun quiz corrispondente trovato
Distribuzione punteggi
Percentuale di utenti per punteggio
Percentile per numero di risposta
I tuoi punteggi nel tempo
Non hai fatto questo quiz